000 00558nam a2200181Ia 4500
008 090123s9999 xx 000 0 und d
082 _b40904
100 _aराशिंगकर सुधीर
245 _aरोटरी परिमल
250 _a0
260 _bपरिमल प्रकाशन
300 _a130
600 _aराशिंगकर सुधीर
630 _aरोटरी परिमल
700 _aराशिंगकर सुधीर
730 _aरोटरी परिमल
942 _cBOOK
999 _c78979
_d78979